| 000 | 02173nam a2200337 a 4500 | ||
|---|---|---|---|
| 005 | 20091212102934.0 | ||
| 008 | 060711r20081994mnua j 000 1 eng | ||
| 010 | _aB-385841-848 | ||
| 020 |
_a9780064421737 _c158.00 |
||
| 035 | _aB-385841-848 | ||
| 037 | _bBlueberry Books | ||
| 040 |
_adpl _bEnglish |
||
| 082 | _aS | ||
| 100 | _aBrown, Jeff | ||
| 245 |
_aStanley, flat again! / _cby Jeff Brown ; pictures by Macky Pamintuan |
||
| 260 |
_aNew York _bHarper Collines Publishers _c2009 |
||
| 270 |
_a53rd Street _bNew York _e10022 |
||
| 300 |
_a86p. : _c19cm(pbk) _bill. |
||
| 490 | _aFlat Stanley | ||
| 700 | _aPamintuan ,Macky | ||
| 942 |
_2ddc _cCH _hS _mBRO |
||
| 999 |
_c32598 _d32598 |
||